Media Ethics: A Guide For Professional Conduct (Record no. 9514)

MARC details
000 -LEADER
fixed length control field 00534nam a22001817a 4500
005 - DATE AND TIME OF LATEST TRANSACTION
control field 20250811162847.0
008 - FIXED-LENGTH DATA ELEMENTS--GENERAL INFORMATION
fixed length control field 250811b |||||||| |||| 00| 0 eng d
020 ## - INTERNATIONAL STANDARD BOOK NUMBER
International Standard Book Number 9780578631707
041 ## - LANGUAGE CODE
Language English
082 ## - DEWEY DECIMAL CLASSIFICATION NUMBER
Classification number 174.4 BRO
100 ## - MAIN ENTRY--PERSONAL NAME
Main Author Name Brown, Fred
245 ## - TITLE STATEMENT
Title Media Ethics: A Guide For Professional Conduct
250 ## - EDITION STATEMENT
Edition 5th
260 ## - PUBLICATION, DISTRIBUTION, ETC.
Place of publication Indiana Police
publisher Name Society of Professional Journalism
Date of publication 2020
300 ## - PHYSICAL DESCRIPTION
Number Of Page 261p.
650 ## - SUBJECT ADDED ENTRY--TOPICAL TERM
Keyword Ethics, Media Ethics, Ethics - Media
Subject Ethics, Media Ethics, Ethics - Media
942 ## - ADDED ENTRY ELEMENTS (KOHA)
Koha item type Reference Book
Holdings
Lost status Source of classification or shelving scheme Not for loan Home library Current library Date last seen Koha item type School Inventory number Total Checkouts Full call number Barcode Copy number Uniform Resource Identifier Cost, replacement price Price effective from Withdrawn status Date acquired Source of acquisition Cost, normal purchase price Bill Date Bill No Net Amount
  Dewey Decimal Classification   BGU Central Library BGU Central Library 11/08/2025 Reference Book School of Communication 1   174.4 13317 1 https://www.amazon.com/Media-Ethics-Guide-Professional-Conduct/dp/0578631709 2234.00 11/08/2025   11/08/2025 Technical Bureau 2234.00 05/08/2025 TB1247 2234

Maintained and Designed by
2cqr automation private limited, Chennai. All Rights Reserved.

You are Visitor Number

PHP Hits Count